000 00299nam a22001457a 4500
008 210308b ||||| |||| 00| 0 eng d
020 _a9780534409869
041 _aeng
080 _a510
082 _a510
100 _a36
101 _aMAT
245 _aCalculus
_cStewart ,J
942 _2udc
_cBK
999 _c55939
_d55939